Normal view
MARC view
- بونفوا، إيف ؛ ترجمة أدونيس
Entry Personal Name
001 - CONTROL NUMBER
- control field: 39741
003 - CONTROL NUMBER IDENTIFIER
- control field: JO-AjAnu
005 - DATE AND TIME OF LATEST TRANSACTION
- control field: 20230606080615.0
008 - FIXED-LENGTH DATA ELEMENTS
- fixed length control field: 230606|| aca||aabn | a|a d
040 ## - CATALOGING SOURCE
- Original cataloging agency: JO-AjAnu
- Transcribing agency: JO-AjAnu
100 ## - HEADING--PERSONAL NAME
- Personal name: بونفوا، إيف ؛ ترجمة أدونيس
670 ## - SOURCE DATA FOUND
- Source citation: Work cat.: (JO-AjAnu)20378: بونفوا، إيف ؛ ترجمة أدونيس, author, الأعمال الشعرية الكاملة